00490nam a2200181Ia 4500003000400000005001700004008004100021040000900062082001900071100003100090245005100121250001200172260004100184300000900225650001300234942004400247999001700291OSt20201008131312.0190216s9999||||xx |||||||||||||| ||und|| coclc a005.713bCRU/A aCrumlish, Christian 95465 4aThe ABCs Of The Internet /cChristian Crumlish a2nd Ed. bBpb Publications,c1998.aNew Delhi: a344p aComputer cBK2ddch005.712iCRU/Ak005.712mCRU/A c36538d36538